000 02617nam a2200241 a 4500
001 24530
003 CO-ViMGA
008 141112s2004 ck r 000 u spa d
015 _aNNN
020 _a8448141563
040 _aCO-ViMGA
_bspa
_cCO-ViMGA
041 _aspa
_beng
082 _a330 M154p
100 1 _aMankiw, N. Gregory
_95791
245 1 0 _aPrincipios de economía N. Gregory Mankiw ; traductora Esther Rabasco Espáriz
250 _a3a ed.
260 _aMadrid,
_cMcGraw - Hill,
_c2004
300 _axxix, 535 p. ilustraciones, diagramas, gráficas y tablas 27 cm.
500 _aIncluye glosario e índice.
505 _aParte I. Introducción 1. Los diez principios de la economía 2. Pensando como un economista 3. Interdependencia y ganancias derivadas del comercio. Parte II. Cómo funcionan los mercados 4. Las fuerzas de mercado de la oferta y la demanda 5. La elasticidad y sus aplicaciones 6. La oferta, la demanda y la política económica. Parte III. Los mercados y el bienestar 7. Los consumidores, los productores y la eficiencia de los mercados 8. Los costos del sistema tributario y su aplicación 9. El comercio internacional : una aplicación. Parte IV. Las economías del sector público 10. Las externalidades 11. Los bienes públicos y los recursos comunes 12. El diseño de sistemas de impuestos. Parte V. El comportamiento de la empresa y la organización de la industria 13. Los costos de producción 14. Las empresas de los mercados competitivos 15. El monopolio 16. La competencia monopolística. 17. Los oligopolios. Parte VI. La economía de los mercados de trabajo 18. Los mercados de factores de producción 19. Los ingresos y la discriminación 20. La desigualdad en el ingreso y la pobreza. Parte VII. Temas para estudio posterior 21. La teoría de elección del consumidor 22. Las fronteras de la microeconomía. Parte VIII. Los información macroeconómica 23. Midiendo el ingreso de una nación 24. Midiendo el costo de la vida. Parte IX. La economía real en el largo plazo 25. La producción y el crecimiento 26. El ahorro, la inversión y el sistema financiero 27. Las herramientas básicas de las finanzas 28. El desempleo. Parte X. El dinero y los precios en el largo plazo 29. El sistema monetario 30. El crecimiento monetario y la inflación. Parte XI. La macroeconomía de las economías abiertas 31. La macroeconomía de una economía abierta : conceptos básicos 32. La teoría macroeconómica de la economía abierta. Parte XII. Fluctuaciones económicas en el corto plazo 33. La demanda agregada y la oferta a
650 1 4 _aEconomía
942 _2ddc
_cBK
999 _c11003
_d11003